[Event "37. Copenhagen Open (Politiken Cup)"]
[Site "Elsinore"]
[Date "2015.07.25"]
[Round "1"]
[White "Ramsdal, Jens Albert"]
[Black "Pedersen, Kim Michael"]
[Result "1-0"]
[WhiteElo "2169"]
[BlackElo "1764"]
[PlyCount "41"]
[EventDate "2015.07.25"]
[EventType "swiss"]
[EventRounds "10"]
[EventCountry "DEN"]
[Source "ChessBase"]
[SourceDate "2015.09.14"]

1. e4 e5 2. Nf3 Nf6 3. Nc3 d5 4. exd5 Bd6 5. Bb5+ Bd7 6. Bxd7+ Nbxd7 7. d3 Nb6
8. Bg5 O-O 9. O-O Be7 10. Nxe5 Nbxd5 11. Nxd5 Qxd5 12. Re1 Rfe8 13. Nf3 Qd6 14.
Qd2 Nd5 15. Bxe7 Nxe7 16. Re4 b6 17. Rae1 h6 18. Qe2 Kf8 19. Ne5 Qd8 20. Qf3 f6
21. Ng6+ 1-0

[Event "37. Copenhagen Open (Politiken Cup)"]
[Site "Elsinore"]
[Date "2015.07.25"]
[Round "1"]
[White "Rasmussen, Henning1"]
[Black "Roe, Simon J"]
[Result "0-1"]
[WhiteElo "1817"]
[BlackElo "2240"]
[PlyCount "92"]
[EventDate "2015.07.25"]
[EventType "swiss"]
[EventRounds "10"]
[EventCountry "DEN"]
[Source "ChessBase"]
[SourceDate "2015.09.14"]

1. f4 Nf6 2. Nf3 g6 3. e3 Bg7 4. Be2 O-O 5. O-O d6 6. d3 c5 7. e4 Nc6 8. c3 Rb8
9. a4 a6 10. Na3 Qc7 11. Nc2 b5 12. axb5 axb5 13. Ne3 Bd7 14. Bd2 b4 15. Nh4
Qb7 16. g4 Ra8 17. g5 Rxa1 18. Qxa1 Ra8 19. Qe1 Ne8 20. f5 bxc3 21. Bxc3 Bxc3
22. bxc3 Ra2 23. Nd1 Qb3 24. fxg6 hxg6 25. Rf2 Ra1 26. Ng2 Ne5 27. Nge3 Nc7 28.
Rf1 Bh3 29. Rf2 Kg7 30. Rf4 Ne6 31. Rh4 Nxg5 32. Qg3 f6 33. Rxh3 Nxh3+ 34. Qxh3
Qxc3 35. Qf1 Qd4 36. Kg2 Ra2 37. Kh1 c4 38. dxc4 Qxe4+ 39. Kg1 Ra1 40. Qf2 Rc1
41. h3 f5 42. Ng2 Nxc4 43. Bf3 Qd3 44. Qe2 Qxe2 45. Bxe2 Nb2 46. Nge3 f4 0-1

[Event "37. Copenhagen Open (Politiken Cup)"]
[Site "Elsinore"]
[Date "2015.07.25"]
[Round "1"]
[White "Rasmussen, Jonas H"]
[Black "Harvey, Marcus Ross"]
[Result "0-1"]
[WhiteElo "1852"]
[BlackElo "2320"]
[PlyCount "74"]
[EventDate "2015.07.25"]
[EventType "swiss"]
[EventRounds "10"]
[EventCountry "DEN"]
[Source "ChessBase"]
[SourceDate "2015.09.14"]

1. d4 e6 2. c4 Nf6 3. Bg5 c5 4. Nf3 Qa5+ 5. Nbd2 cxd4 6. Bxf6 gxf6 7. Nxd4 Qb6
8. N4b3 Nc6 9. e3 a5 10. Ne4 Qb4+ 11. Qd2 f5 12. Nc3 a4 13. Nd4 a3 14. Ndb5
Qxb2 15. Qxb2 axb2 16. Rb1 Ra5 17. Rxb2 Bb4 18. Kd2 Ke7 19. Be2 b6 20. Kc2 Bc5
21. Rd1 Rg8 22. g3 Bb7 23. Nd4 Nb4+ 24. Kb3 Rga8 25. a4 Na6 26. Ncb5 Kf6 27.
Nc3 Bb4 28. Ndb5 Bxc3 29. Nxc3 Nc5+ 30. Kc2 Bc6 31. Rxb6 Nxa4 32. Rbb1 Nxc3 33.
Kxc3 Ra2 34. Re1 Be4 35. Rb3 Rc2+ 36. Kd4 Rd2+ 37. Bd3 e5+ 0-1

[Event "37. Copenhagen Open (Politiken Cup)"]
[Site "Elsinore"]
[Date "2015.07.25"]
[Round "1"]
[White "Rendlev, Niels Moller"]
[Black "Nielsen, Thomas Bach"]
[Result "0-1"]
[WhiteElo "1785"]
[BlackElo "2193"]
[PlyCount "40"]
[EventDate "2015.07.25"]
[EventType "swiss"]
[EventRounds "10"]
[EventCountry "DEN"]
[Source "ChessBase"]
[SourceDate "2015.09.14"]

1. g3 f5 2. d4 Nf6 3. Bg2 g6 4. Nf3 Bg7 5. c4 d6 6. Nc3 O-O 7. O-O Nc6 8. d5
Ne5 9. Nxe5 dxe5 10. e4 f4 11. gxf4 exf4 12. e5 Ng4 13. e6 Ne5 14. Qb3 f3 15.
Bh1 g5 16. Ne4 Qe8 17. Be3 Qh5 18. Ng3 Qh3 19. Rfe1 Ng4 20. Nf1 Be5 0-1

[Event "37. Copenhagen Open (Politiken Cup)"]
[Site "Elsinore"]
[Date "2015.07.25"]
[Round "1"]
[White "Rewitz, Poul"]
[Black "Andersen, Claus"]
[Result "1-0"]
[WhiteElo "2184"]
[BlackElo "1773"]
[PlyCount "76"]
[EventDate "2015.07.25"]
[EventType "swiss"]
[EventRounds "10"]
[EventCountry "DEN"]
[Source "ChessBase"]
[SourceDate "2015.09.14"]

1. c3 Nf6 2. g3 e5 3. Bg2 d5 4. d4 e4 5. Nh3 Bf5 6. Qb3 Qc8 7. Nf4 c6 8. h4
Nbd7 9. c4 dxc4 10. Qxc4 Nb6 11. Qb3 Bd6 12. Bd2 O-O 13. Na3 Re8 14. h5 h6 15.
Rd1 Be6 16. Nxe6 Qxe6 17. Qxe6 Rxe6 18. Nc2 Nfd5 19. a3 Nc4 20. Bc1 Rae8 21. e3
Bc7 22. Bf1 Nd6 23. Be2 a5 24. Kf1 f5 25. Ne1 Rf8 26. Ng2 Bd8 27. Bd2 a4 28.
Rc1 Bg5 29. Kg1 Kh8 30. Kh2 Nf6 31. Rc5 Ng4+ 32. Bxg4 fxg4 33. Nf4 Bxf4 34.
gxf4 Rf5 35. Kg3 Rxc5 36. dxc5 Nc4 37. Bc3 Kh7 38. Rd1 Re7 1-0

[Event "37. Copenhagen Open (Politiken Cup)"]
[Site "Elsinore"]
[Date "2015.07.25"]
[Round "1"]
[White "Rishovd, Svein"]
[Black "Ekberg, Jacob"]
[Result "1-0"]
[WhiteElo "2094"]
[BlackElo "1656"]
[PlyCount "41"]
[EventDate "2015.07.25"]
[EventType "swiss"]
[EventRounds "10"]
[EventCountry "DEN"]
[Source "ChessBase"]
[SourceDate "2015.09.14"]

1. c4 Nf6 2. g3 g6 3. Bg2 Bg7 4. Nc3 c5 5. Nf3 Nc6 6. d4 cxd4 7. Nxd4 Nxd4 8.
Qxd4 O-O 9. O-O a6 10. c5 Rb8 11. Bf4 Nh5 12. Be5 d6 13. cxd6 exd6 14. Qxd6
Bxe5 15. Qxe5 Be6 16. Rfd1 Qb6 17. Na4 Qb4 18. Rd4 Qe7 19. Nc5 Rfe8 20. Nxe6
Ng7 21. Qxg7# 1-0

[Event "37. Copenhagen Open (Politiken Cup)"]
[Site "Elsinore"]
[Date "2015.07.25"]
[Round "1"]
[White "Robertsen, Bjorn"]
[Black "Ivarsson, Torbjorn"]
[Result "0-1"]
[WhiteElo "1676"]
[BlackElo "2100"]
[PlyCount "98"]
[EventDate "2015.07.25"]
[EventType "swiss"]
[EventRounds "10"]
[EventCountry "DEN"]
[Source "ChessBase"]
[SourceDate "2015.09.14"]

1. d4 Nf6 2. c4 c5 3. d5 e6 4. Nc3 exd5 5. cxd5 Bd6 6. e4 O-O 7. f4 Nxe4 8.
Nxe4 Re8 9. Qe2 Bc7 10. g4 Na6 11. Bg2 Nb4 12. Nh3 b6 13. a3 Ba6 14. Qd2 Qh4+
15. Nhf2 Bxf4 16. axb4 Bxd2+ 17. Bxd2 Bd3 18. O-O-O Bxe4 19. Nxe4 Qxg4 20. Rhg1
Rxe4 21. Bxe4 Qxe4 22. bxc5 bxc5 23. h3 f6 24. Rg4 Qxd5 25. Bh6 Qh5 26. Bxg7
Qxg4 27. hxg4 Kxg7 28. Rxd7+ Kg6 29. Kc2 h5 30. gxh5+ Kxh5 31. Rd5+ Kg4 32.
Rxc5 f5 33. Kd1 Re8 34. Rc7 a5 35. Rc5 a4 36. Rc7 Kf3 37. Rf7 f4 38. Rc7 Re4
39. Rc6 Kf2 40. Rc2+ Kf1 41. Rc3 Rd4+ 42. Kc1 Kg2 43. Rc2+ Kg3 44. b3 f3 45.
bxa4 f2 46. Rc3+ Kg2 47. Rc2 Kg1 48. Kb2 f1=Q 49. Rc1 Rd2+ 0-1

[Event "37. Copenhagen Open (Politiken Cup)"]
[Site "Elsinore"]
[Date "2015.07.25"]
[Round "1"]
[White "Roder, Peter"]
[Black "Petersen, Rasmus"]
[Result "1-0"]
[WhiteElo "2144"]
[BlackElo "1727"]
[PlyCount "119"]
[EventDate "2015.07.25"]
[EventType "swiss"]
[EventRounds "10"]
[EventCountry "DEN"]
[Source "ChessBase"]
[SourceDate "2015.09.14"]

1. d4 Nf6 2. c4 e6 3. Nc3 Bb4 4. e3 O-O 5. Nge2 Ne4 6. Qc2 f5 7. a3 Nxc3 8.
Nxc3 Bxc3+ 9. Qxc3 b6 10. Be2 Bb7 11. Bf3 Bxf3 12. gxf3 d6 13. Bd2 Nd7 14. Ke2
c5 15. Rag1 Qe7 16. h4 d5 17. Qd3 dxc4 18. Qxc4 cxd4 19. Qxd4 e5 20. Qd5+ Qf7
21. Qxf7+ Rxf7 22. Bc3 Re8 23. Rd1 e4 24. Rd5 Nc5 25. Rg1 h6 26. Rg6 Kh7 27.
Rc6 exf3+ 28. Kxf3 Re4 29. Rd4 Re6 30. Rc8 Ne4 31. Be1 Kg6 32. Ke2 Ree7 33. Kd3
Rc7 34. Rxc7 Rxc7 35. f3 Nc5+ 36. Ke2 Ne6 37. Rd6 Kf7 38. Bc3 g5 39. hxg5 hxg5
40. Rd5 Rc5 41. Rd7+ Kg6 42. Rxa7 b5 43. Re7 Rc6 44. Re8 Kf7 45. Rb8 Rc5 46.
Rh8 g4 47. Rh1 gxf3+ 48. Kxf3 Rd5 49. Rh7+ Ke8 50. Rb7 Kd8 51. Bf6+ Kc8 52. Re7
Nc5 53. Bd4 Nd3 54. Bc3 Rd7 55. Re6 Rd5 56. Rh6 Kd7 57. e4 Ne5+ 58. Kf4 Nd3+
59. Ke3 f4+ 60. Ke2 1-0

[Event "37. Copenhagen Open (Politiken Cup)"]
[Site "Elsinore"]
[Date "2015.07.25"]
[Round "1"]
[White "Roksvold, Jan"]
[Black "Glud, Jakob Vang"]
[Result "0-1"]
[WhiteElo "1927"]
[BlackElo "2531"]
[PlyCount "58"]
[EventDate "2015.07.25"]
[EventType "swiss"]
[EventRounds "10"]
[EventCountry "DEN"]
[Source "ChessBase"]
[SourceDate "2015.09.14"]

1. Nf3 d5 2. d4 Nf6 3. c4 e6 4. g3 Bb4+ 5. Bd2 Bd6 6. Bg2 O-O 7. O-O c6 8. b3
Nbd7 9. c5 Bc7 10. Bf4 Re8 11. Bxc7 Qxc7 12. Nc3 e5 13. e3 e4 14. Nd2 Nf8 15.
b4 Bg4 16. Qb3 Qd7 17. b5 Bh3 18. bxc6 bxc6 19. Rab1 Qf5 20. Ne2 Ne6 21. f3
Bxg2 22. Kxg2 Ng5 23. Ng1 exf3+ 24. Ngxf3 Qh3+ 25. Kh1 Ng4 26. Rfe1 Ne4 27.
Nxe4 dxe4 28. Qxf7+ Kh8 29. Qg8+ Kxg8 0-1

[Event "37. Copenhagen Open (Politiken Cup)"]
[Site "Elsinore"]
[Date "2015.07.25"]
[Round "1"]
[White "Roksvold, Thore"]
[Black "Nielsen, Viktor"]
[Result "0-1"]
[WhiteElo "1629"]
[BlackElo "2069"]
[PlyCount "58"]
[EventDate "2015.07.25"]
[EventType "swiss"]
[EventRounds "10"]
[EventCountry "DEN"]
[Source "ChessBase"]
[SourceDate "2015.09.14"]

1. e4 e5 2. Nc3 Nf6 3. Bc4 Nc6 4. d3 Na5 5. Bb3 Nxb3 6. axb3 d5 7. exd5 Bb4 8.
Nge2 Nxd5 9. O-O O-O 10. Nxd5 Qxd5 11. Nc3 Qc6 12. Bd2 f5 13. Ne2 Bd6 14. Bc3
Be6 15. Ng3 Rae8 16. Ra4 b5 17. Rxa7 Bd5 18. Qh5 Bxg2 19. Rfa1 b4 20. R1a6 Qf3
21. Qxf3 Bxf3 22. Bd2 e4 23. dxe4 f4 24. Nf5 Rxf5 25. exf5 Re2 26. Rxd6 cxd6
27. Bxb4 Rxc2 28. h3 Rc1+ 29. Kh2 Rh1# 0-1

[Event "37. Copenhagen Open (Politiken Cup)"]
[Site "Elsinore"]
[Date "2015.07.25"]
[Round "1"]
[White "Rose, Dennis Lauge"]
[Black "Hartung Nielsen, Jens"]
[Result "0-1"]
[WhiteElo "1797"]
[BlackElo "2212"]
[PlyCount "44"]
[EventDate "2015.07.25"]
[EventType "swiss"]
[EventRounds "10"]
[EventCountry "DEN"]
[Source "ChessBase"]
[SourceDate "2015.09.14"]

1. e4 c5 2. Nf3 g6 3. Bc4 Bg7 4. d3 Nc6 5. Nc3 e6 6. O-O Nge7 7. Bg5 h6 8. Be3
d5 9. exd5 exd5 10. Bb5 d4 11. Bxh6 Rxh6 12. Ne4 Bf5 13. Nxc5 Qb6 14. Bxc6+
Qxc6 15. b4 Kf8 16. Qd2 Rh5 17. Rfe1 Nd5 18. a3 Qc7 19. g3 Bg4 20. Nh4 Bh6 21.
f4 Nxf4 22. Qf2 Nh3+ 0-1

[Event "37. Copenhagen Open (Politiken Cup)"]
[Site "Elsinore"]
[Date "2015.07.25"]
[Round "1"]
[White "Rosenkilde, Alexander"]
[Black "Mouritsen, Jan"]
[Result "1-0"]
[WhiteElo "2225"]
[BlackElo "1799"]
[PlyCount "55"]
[EventDate "2015.07.25"]
[EventType "swiss"]
[EventRounds "10"]
[EventCountry "DEN"]
[Source "ChessBase"]
[SourceDate "2015.09.14"]

1. d4 d5 2. c4 c6 3. Nf3 Nf6 4. e3 e6 5. b3 Bd6 6. Bd3 O-O 7. O-O Nbd7 8. Bb2
b6 9. Nbd2 Bb7 10. Ne5 Rc8 11. f4 Qe7 12. Qf3 Rfd8 13. Qh3 Nf8 14. Rad1 c5 15.
Ndf3 dxc4 16. bxc4 Ne4 17. Nd2 Nxd2 18. Rxd2 cxd4 19. exd4 h6 20. Qg3 Nd7 21.
Ng4 Kh8 22. d5 f6 23. Re2 Nc5 24. Bb1 Qf7 25. Qh4 exd5 26. Nxh6 gxh6 27. Qxh6+
Kg8 28. Bxf6 1-0

[Event "37. Copenhagen Open (Politiken Cup)"]
[Site "Elsinore"]
[Date "2015.07.25"]
[Round "1"]
[White "Rossen, Claus"]
[Black "Kristiansen, Tore"]
[Result "0-1"]
[WhiteElo "2193"]
[BlackElo "1784"]
[PlyCount "134"]
[EventDate "2015.07.25"]
[EventType "swiss"]
[EventRounds "10"]
[EventCountry "DEN"]
[Source "ChessBase"]
[SourceDate "2015.09.14"]

1. e4 c5 2. Nf3 e6 3. d4 cxd4 4. Nxd4 a6 5. c4 Bc5 6. Nb3 Ba7 7. Qg4 Qf6 8. Qg3
Nc6 9. Bd3 Qg6 10. Nc3 Nf6 11. Bf4 Nh5 12. Qxg6 hxg6 13. Bd6 Bb8 14. Bxb8 Rxb8
15. g3 Nb4 16. Rd1 b6 17. Bb1 Bb7 18. O-O Nf6 19. f3 Nc6 20. Na4 Ba8 21. c5
bxc5 22. Nbxc5 a5 23. Rfe1 Ne5 24. Re3 Ke7 25. Na6 Rbc8 26. Kg2 d6 27. b4 axb4
28. Nxb4 g5 29. a3 g4 30. f4 Nc4 31. Ree1 Nxa3 32. Nb6 Rb8 33. Nxa8 Rxb4 34.
Nc7 Rb2+ 35. Kg1 Rhxh2 36. e5 Rhg2+ 37. Kh1 Nh5 38. exd6+ Kd7 39. Re3 Nxg3+ 40.
Rxg3 Rxg3 41. Be4 f5 42. Bd3 Kxd6 43. Na6 Ke7 44. Nc5 Rf3 45. Re1 Kd6 46. Rc1
Rd2 47. Ba6 Rxf4 48. Nb7+ Kd5 49. Rc7 Rb2 50. Rd7+ Ke5 51. Nc5 Kf6 52. Rd6 Nc4
53. Rxe6+ Kf7 54. Re1 Rc2 55. Nd7 Nd6 56. Rd1 Ne4 57. Kg1 Nd2 58. Bb7 Nf3+ 59.
Bxf3 gxf3 60. Ne5+ Kf6 61. Nd7+ Kg5 62. Ne5 f2+ 63. Kf1 Re4 64. Nd3 Kh4 65. Kg2
Rg4+ 66. Kf3 Rg3+ 67. Kf4 Rxd3 0-1

[Event "37. Copenhagen Open (Politiken Cup)"]
[Site "Elsinore"]
[Date "2015.07.25"]
[Round "1"]
[White "Royset, Pal"]
[Black "Borg, Flemming"]
[Result "1-0"]
[WhiteElo "2236"]
[BlackElo "1800"]
[PlyCount "67"]
[EventDate "2015.07.25"]
[EventType "swiss"]
[EventRounds "10"]
[EventCountry "DEN"]
[Source "ChessBase"]
[SourceDate "2015.09.14"]

1. e4 d5 2. exd5 Qxd5 3. Nc3 Qa5 4. Bc4 Nf6 5. Nf3 c6 6. O-O Bg4 7. Re1 e6 8.
h3 Bh5 9. d4 Be7 10. g4 Bg6 11. Ne5 Nbd7 12. h4 O-O-O 13. Qe2 Nxg4 14. Qxg4
Nxe5 15. dxe5 Bxc2 16. Bg5 Bf5 17. Qe2 Bxg5 18. hxg5 Rd4 19. Rad1 Rg4+ 20. Kh2
Rxg5 21. Rd4 Rd8 22. Red1 Rxd4 23. Rxd4 Bg6 24. f4 Rh5+ 25. Kg1 Qc5 26. Qf2 Qe7
27. Be2 Rh6 28. Bf3 f6 29. Bg4 f5 30. Bf3 Bh5 31. Bg2 g5 32. Rd6 Be8 33. Qxa7
Kc7 34. Nb5+ 1-0

[Event "37. Copenhagen Open (Politiken Cup)"]
[Site "Elsinore"]
[Date "2015.07.25"]
[Round "1"]
[White "Salerno, Christian"]
[Black "Haugaard, Thomas"]
[Result "1-0"]
[WhiteElo "2129"]
[BlackElo "1707"]
[PlyCount "39"]
[EventDate "2015.07.25"]
[EventType "swiss"]
[EventRounds "10"]
[EventCountry "DEN"]
[Source "ChessBase"]
[SourceDate "2015.09.14"]

1. e4 e5 2. Nf3 d6 3. d4 exd4 4. Qxd4 a6 5. Bf4 Nc6 6. Qd2 Nf6 7. Nc3 Be7 8.
O-O-O O-O 9. Bd3 Nb4 10. Rhe1 Be6 11. Nd4 d5 12. a3 Nxd3+ 13. Qxd3 dxe4 14.
Nxe4 Bd5 15. Nxf6+ Bxf6 16. Nf5 Be6 17. Qg3 Bxb2+ 18. Kxb2 Qf6+ 19. Be5 Qxf5
20. Qxg7# 1-0

[Event "37. Copenhagen Open (Politiken Cup)"]
[Site "Elsinore"]
[Date "2015.07.25"]
[Round "1"]
[White "Saltvedt, Martin"]
[Black "Vuilleumier, Alexandre"]
[Result "0-1"]
[WhiteElo "1864"]
[BlackElo "2357"]
[PlyCount "122"]
[EventDate "2015.07.25"]
[EventType "swiss"]
[EventRounds "10"]
[EventCountry "DEN"]
[Source "ChessBase"]
[SourceDate "2015.09.14"]

1. d4 Nf6 2. c4 e6 3. Nc3 Bb4 4. e3 O-O 5. Bd3 c5 6. Nf3 d5 7. O-O dxc4 8. Bxc4
Nc6 9. a3 Bxc3 10. bxc3 Qc7 11. Qc2 e5 12. a4 cxd4 13. cxd4 exd4 14. exd4 Bg4
15. Be2 Rfc8 16. Qd2 Rd8 17. Bb2 Nd5 18. Rfc1 Qf4 19. Rd1 Qxd2 20. Rxd2 Na5 21.
Ra3 Rac8 22. h3 Bxf3 23. Rxf3 Nc4 24. Rc2 Nxb2 25. Rxb2 Rc7 26. Bd3 b6 27. Kf1
Rc1+ 28. Ke2 Ra1 29. Bc2 g5 30. g3 Kg7 31. Bb3 Nf6 32. Rc2 Re8+ 33. Re3 Rxe3+
34. fxe3 Ra3 35. Rb2 Ra1 36. Rc2 Rb1 37. Ba2 Rb4 38. Kd3 Rxa4 39. d5 Nd7 40. d6
Kf6 41. Bb3 Ra3 42. Kc4 a5 43. Rb2 Ke5 44. Kb5 Kxd6 45. Rd2+ Kc7 46. Bxf7 Rxe3
47. Bg8 h6 48. Rc2+ Nc5 49. Rf2 Re5 50. Rf7+ Nd7+ 51. Kc4 Kd6 52. Rh7 Re4+ 53.
Kc3 b5 54. Rxh6+ Kc5 55. Kd3 Re8 56. Be6 Ne5+ 57. Ke4 Nf7 58. Rg6 Nd8 59. Kf5
Nxe6 60. Rxe6 Rxe6 61. Kxe6 a4 0-1

[Event "37. Copenhagen Open (Politiken Cup)"]
[Site "Elsinore"]
[Date "2015.07.25"]
[Round "1"]
[White "Sande, Odmund"]
[Black "Jepson, Christian"]
[Result "0-1"]
[WhiteElo "1898"]
[BlackElo "2428"]
[PlyCount "126"]
[EventDate "2015.07.25"]
[EventType "swiss"]
[EventRounds "10"]
[EventCountry "DEN"]
[Source "ChessBase"]
[SourceDate "2015.09.14"]

1. d4 Nf6 2. c4 e6 3. Nf3 c5 4. d5 d6 5. Nc3 exd5 6. cxd5 g6 7. e4 Bg7 8. Bd3
O-O 9. h3 Nh5 10. O-O Nd7 11. Nd2 Nf4 12. Nc4 Nxd3 13. Qxd3 Ne5 14. Nxe5 Bxe5
15. f4 Bg7 16. f5 a6 17. a4 Re8 18. Bf4 Qf6 19. Qg3 gxf5 20. exf5 Bxf5 21. Bxd6
Rac8 22. Bf4 Qg6 23. d6 Be6 24. Nd5 Bxd5 25. d7 Bxb2 26. Rab1 Bd4+ 27. Kh1 Red8
28. dxc8=Q Rxc8 29. Rfd1 Be4 30. Rbc1 Rc6 31. Rc4 Qxg3 32. Bxg3 Rg6 33. Rcxd4
cxd4 34. Rxd4 Rxg3 35. Rxe4 Rb3 36. Re8+ Kg7 37. Rb8 a5 38. Ra8 b6 39. Rb8 h5
40. Kg1 Rb2 41. Rc8 h4 42. Rc4 Rb4 43. Rc6 f6 44. Kf2 Kg6 45. Kf3 Kf5 46. Ke3
Ke5 47. Kf3 Rf4+ 48. Ke3 Re4+ 49. Kf3 Rb4 50. Ke3 f5 51. Rh6 Kd5 52. Rf6 Ke5
53. Rh6 Kd5 54. Rf6 Kc4 55. Kf3 Kb3 56. g4 hxg3 57. Kxg3 Kxa4 58. h4 Rg4+ 59.
Kh3 b5 60. Rxf5 Rg1 61. Rg5 Rh1+ 62. Kg4 b4 63. h5 b3 0-1

[Event "37. Copenhagen Open (Politiken Cup)"]
[Site "Elsinore"]
[Date "2015.07.25"]
[Round "1"]
[White "Satre, Roger"]
[Black "Smith, Axel"]
[Result "0-1"]
[WhiteElo "1900"]
[BlackElo "2449"]
[PlyCount "56"]
[EventDate "2015.07.25"]
[EventType "swiss"]
[EventRounds "10"]
[EventCountry "DEN"]
[Source "ChessBase"]
[SourceDate "2015.09.14"]

1. e4 c5 2. Nc3 a6 3. g3 b5 4. Bg2 Bb7 5. Nh3 e6 6. O-O Be7 7. f4 d5 8. e5 Nc6
9. Nf2 g6 10. Ne2 h5 11. d4 Nh6 12. Be3 Nf5 13. Qd2 Qb6 14. c3 a5 15. Kh1 O-O
16. dxc5 Bxc5 17. Bxc5 Qxc5 18. Nd3 Qb6 19. Bf3 Rfd8 20. Ne1 d4 21. Ng2 dxc3
22. Qxc3 Rac8 23. Qe1 Nb4 24. Bxb7 Qxb7 25. Qf2 Rd2 26. Rfd1 Nd3 27. Qf1 Rxd1
28. Rxd1 Ne3 0-1

[Event "37. Copenhagen Open (Politiken Cup)"]
[Site "Elsinore"]
[Date "2015.07.25"]
[Round "1"]
[White "Schadd, Jan"]
[Black "Verstraeten, Reinaert"]
[Result "0-1"]
[WhiteElo "1852"]
[BlackElo "2312"]
[PlyCount "54"]
[EventDate "2015.07.25"]
[EventType "swiss"]
[EventRounds "10"]
[EventCountry "DEN"]
[Source "ChessBase"]
[SourceDate "2015.09.14"]

1. d4 Nf6 2. Nf3 g6 3. Nc3 Bg7 4. e4 d6 5. Be3 O-O 6. h3 a6 7. Qd2 b5 8. Bd3
Bb7 9. Bh6 c5 10. Bxg7 Kxg7 11. e5 Nfd7 12. Be4 Nc6 13. exd6 exd6 14. O-O-O Nf6
15. dxc5 dxc5 16. Qf4 Qb8 17. Rd6 Ne8 18. Rhd1 Nxd6 19. Rxd6 Kg8 20. Qf6 Nd8
21. Qe7 Ra7 22. Rd7 Bxe4 23. Rxa7 Bxf3 24. gxf3 Nc6 25. Qxc5 Nxa7 26. Ne4 Qf4+
27. Kb1 Qxf3 0-1

[Event "37. Copenhagen Open (Politiken Cup)"]
[Site "Elsinore"]
[Date "2015.07.25"]
[Round "1"]
[White "Schandorff, Lars"]
[Black "Molvig, Julius"]
[Result "1-0"]
[WhiteElo "2520"]
[BlackElo "1926"]
[PlyCount "47"]
[EventDate "2015.07.25"]
[EventType "swiss"]
[EventRounds "10"]
[EventCountry "DEN"]
[Source "ChessBase"]
[SourceDate "2015.09.14"]

1. d4 Nf6 2. c4 g6 3. Nc3 d5 4. Nf3 Bg7 5. Qb3 c6 6. cxd5 cxd5 7. Bf4 a6 8. e3
O-O 9. Be2 b6 10. O-O Bb7 11. Ne5 Ne4 12. Rfc1 e6 13. h3 f6 14. Nf3 Re8 15.
Nxe4 dxe4 16. Nd2 Bd5 17. Bc4 Re7 18. Bxd5 exd5 19. Bc7 Qd7 20. Qxb6 Re6 21.
Qb7 Qb5 22. Qxa8 Re8 23. Bxb8 Rxb8 24. Rc8+ 1-0

[Event "37. Copenhagen Open (Politiken Cup)"]
[Site "Elsinore"]
[Date "2015.07.25"]
[Round "1"]
[White "Schmied, Andreas"]
[Black "Shehzad, Kasher"]
[Result "1-0"]
[WhiteElo "2047"]
[BlackElo "1563"]
[PlyCount "87"]
[EventDate "2015.07.25"]
[EventType "swiss"]
[EventRounds "10"]
[EventCountry "DEN"]
[Source "ChessBase"]
[SourceDate "2015.09.14"]

1. d4 d5 2. Nf3 e6 3. c4 c5 4. cxd5 exd5 5. g3 Nf6 6. Bg2 Be6 7. O-O Nc6 8. Nc3
cxd4 9. Nxd4 Bc5 10. Nxc6 bxc6 11. Na4 Be7 12. Be3 Nd7 13. Rc1 Bg5 14. Bxg5
Qxg5 15. Rxc6 O-O 16. Nc5 Nxc5 17. Rxc5 Rfd8 18. Qd4 Rd7 19. Rfc1 Rad8 20. b4
Qh5 21. Bf3 Qh6 22. a4 Rd6 23. Rd1 Qg5 24. b5 Qe7 25. Rdc1 R6d7 26. a5 Qd6 27.
Kg2 h6 28. R1c3 Rb7 29. e3 Qd7 30. Be2 Bh3+ 31. Kg1 Qf5 32. Qh4 Re8 33. Bd3 Qd7
34. Qd4 Rd8 35. a6 Rbb8 36. Rc7 Qe8 37. Rxa7 Rxb5 38. Bxb5 Qxb5 39. Rc1 Qe8 40.
Rac7 Qe6 41. a7 Re8 42. Rb7 Qa6 43. Rb8 Rxb8 44. axb8=Q+ 1-0

[Event "37. Copenhagen Open (Politiken Cup)"]
[Site "Elsinore"]
[Date "2015.07.25"]
[Round "1"]
[White "Shankland, Samuel L"]
[Black "Jensen, Ib"]
[Result "1-0"]
[WhiteElo "2656"]
[BlackElo "1948"]
[PlyCount "105"]
[EventDate "2015.07.25"]
[EventType "swiss"]
[EventRounds "10"]
[EventCountry "DEN"]
[Source "ChessBase"]
[SourceDate "2015.09.14"]

1. d4 d5 2. c4 Nc6 3. Nf3 Bg4 4. Nc3 e6 5. Bf4 Bxf3 6. gxf3 Bd6 7. Bg3 Nge7 8.
e3 f5 9. Bh4 Qd7 10. Bxe7 Bxe7 11. cxd5 exd5 12. f4 Bb4 13. Qb3 Qe6 14. Bb5 O-O
15. Bxc6 Bxc3+ 16. Qxc3 Qxc6 17. Qxc6 bxc6 18. Rc1 Rf6 19. Ke2 Rb8 20. b3 Kf8
21. Rc5 Rb6 22. Ra5 a6 23. Kf3 Rh6 24. h3 Ke8 25. Kg3 Rg6+ 26. Kh2 Kd7 27. h4
Rg4 28. Kh3 c5 29. f3 Rxh4+ 30. Kxh4 Rh6+ 31. Kg3 Rxh1 32. Rxc5 c6 33. Ra5 h5
34. Rxa6 h4+ 35. Kg2 Re1 36. Ra7+ Kd6 37. Rxg7 Re2+ 38. Kh3 Rxe3 39. Rg6+ Kc7
40. Kxh4 Rxf3 41. Kg5 Rf2 42. a4 Rb2 43. Rg7+ Kb6 44. Kxf5 Rxb3 45. Rg1 Ra3 46.
Ke5 Rxa4 47. f5 Ra2 48. f6 Rf2 49. Rg5 Re2+ 50. Kd6 Rf2 51. Ke6 Re2+ 52. Re5
Rf2 53. f7 1-0

[Event "37. Copenhagen Open (Politiken Cup)"]
[Site "Elsinore"]
[Date "2015.07.25"]
[Round "1"]
[White "Shehzad, Alisha"]
[Black "Schmitt, Carsten1"]
[Result "0-1"]
[WhiteElo "1266"]
[BlackElo "1988"]
[PlyCount "84"]
[EventDate "2015.07.25"]
[EventType "swiss"]
[EventRounds "10"]
[EventCountry "DEN"]
[Source "ChessBase"]
[SourceDate "2015.09.14"]

1. e4 e6 2. d4 d5 3. exd5 exd5 4. Nc3 Bb4 5. Bd2 Nf6 6. Nf3 O-O 7. Bd3 Re8+ 8.
Be2 Qe7 9. Ne5 c5 10. Be3 Ne4 11. Qd3 c4 12. Qd1 Nxc3 13. bxc3 Bxc3+ 14. Kf1
Bxa1 15. Qxa1 Nc6 16. Nxc6 bxc6 17. Bf3 Bf5 18. Qc3 Rab8 19. Ke2 Qb4 20. Qxb4
Rxb4 21. c3 Rb2+ 22. Kd1 Rxe3 23. fxe3 Rb1+ 24. Kd2 Rxh1 25. h3 Ra1 26. g4 Be4
27. Bxe4 dxe4 28. a4 Rxa4 29. Kc2 Ra2+ 30. Kd1 Rb2 31. Kc1 Rb3 32. Kc2 a5 33.
Kd2 a4 34. Ke2 g5 35. Kf2 a3 36. Kg3 a2 37. h4 f6 38. hxg5 fxg5 39. Kh2 Rb2+
40. Kh3 a1=Q 41. Kg3 Qg1+ 42. Kh3 Rh2# 0-1

[Event "37. Copenhagen Open (Politiken Cup)"]
[Site "Elsinore"]
[Date "2015.07.25"]
[Round "1"]
[White "Shehzad, Shazil"]
[Black "Jensen, Morten Frank"]
[Result "0-1"]
[WhiteElo "1479"]
[BlackElo "2028"]
[PlyCount "58"]
[EventDate "2015.07.25"]
[EventType "swiss"]
[EventRounds "10"]
[EventCountry "DEN"]
[Source "ChessBase"]
[SourceDate "2015.09.14"]

1. e4 Nc6 2. d4 e5 3. Nf3 exd4 4. Bc4 Nf6 5. O-O Nxe4 6. Re1 d5 7. Bxd5 Qxd5 8.
Nc3 Qd8 9. Nxe4 Be7 10. Bg5 O-O 11. Bxe7 Qxe7 12. Nxd4 Nxd4 13. Qxd4 Be6 14. h3
b6 15. Re3 Rad8 16. Qc3 c5 17. Rg3 f6 18. Nd2 Qd6 19. Nf3 b5 20. Re1 b4 21. Qe3
Kf7 22. h4 Rfe8 23. Qc1 Bxa2 24. Rxe8 Rxe8 25. b3 Rd8 26. Qb2 Qd1+ 27. Kh2 Qb1
28. Qxb1 Bxb1 29. Ne1 Rd2 0-1